Cattle breeding husbandry techniques for dreught power cow at phnom tamao station, (បច្ចេកទេសចិញ្ចឹមគោពូជសំរាប់ប្រើប្រាស់ជាកំលំាងអូសទាញ នៅស្ថានីយ៍ចិញ្ចឹមគោពូជ ភ្នំតាម៉ៅ) (Record no. 2788)

000 -LEADER
fixed length control field 00696nam a22001577a 4500
003 - CONTROL NUMBER IDENTIFIER
control field OSt
005 - DATE AND TIME OF LATEST TRANSACTION
control field 20151027154447.0
008 - FIXED-LENGTH DATA ELEMENTS--GENERAL INFORMATION
fixed length control field 151027b xxu||||| |||| 00| 0 eng d
040 ## - CATALOGING SOURCE
Transcribing agency RUA
082 ## - DEWEY DECIMAL CLASSIFICATION NUMBER
Classification number VTF OM 2003 B112 Or.1
100 ## - MAIN ENTRY--PERSONAL NAME
9 (RLIN) 2973
Personal name OM RETH
245 ## - TITLE STATEMENT
Title Cattle breeding husbandry techniques for dreught power cow at phnom tamao station, (បច្ចេកទេសចិញ្ចឹមគោពូជសំរាប់ប្រើប្រាស់ជាកំលំាងអូសទាញ នៅស្ថានីយ៍ចិញ្ចឹមគោពូជ ភ្នំតាម៉ៅ)
260 ## - PUBLICATION, DISTRIBUTION, ETC. (IMPRINT)
Place of publication, distribution, etc. Phnom Penh
Name of publisher, distributor, etc. Rua
Date of publication, distribution, etc. 2003
300 ## - PHYSICAL DESCRIPTION
Extent xiii; 56p.
Other physical details ill.
Dimensions 29cm.
942 ## - ADDED ENTRY ELEMENTS (KOHA)
Source of classification or shelving scheme
Koha item type VTF
Holdings
Price effective from Date last seen Permanent Location Not for loan Date acquired Source of classification or shelving scheme Koha item type Lost status Withdrawn status Date last checked out Total Checkouts Shelving location Damaged status Barcode Current Location Full call number
2015-10-272015-10-27Library Block B 2015-10-27 VTF    B112 RUA016608Library Block BVTF OM 2003 B112 Or.1
2015-10-272023-09-29Library Block B 2015-10-27 VTF  2023-09-051B112 RUA016858Library Block BVTF OM 2003 B112 Or.2
2015-10-272015-10-27Library Block B 2015-10-27 VTF    B112 RUA016780Library Block BVTF OM 2003 B112 Or.3
មជ្ឈមណ្ឌលឯការនៃសាកលវិទ្យាល័យភូមិន្ទកសិកម្មចំការដូង

Powered by Koha